L'avare

Shranjeno v:
Bibliografske podrobnosti
Glavni avtor: Molière, Jean-Baptiste (autor)
Format: Knjiga
Jezik:francoščina
Izdano: París Hachette 1938
Serija:Classiques France
Teme:
Oznake: Označite
Brez oznak, prvi označite!

MARC

LEADER 00000nam a2200000 a 4500
001 UCQ0757
003 CL-VaPUC
008 980703e19380000FR |||||||||||||||||fre|d
082 0 4 |a 842  |b MOL  |2 21 
100 |a Molière, Jean-Baptiste  |e autor  |9 339603 
245 1 2 |a L'avare 
300 |a 124 p 
942 |c BK 
945 |d 19980703 00:00:00  |a lriquelm 
260 |a París  |b Hachette  |c 1938 
650 0 |a Teatro francés  |9 265089 
650 0 |a Literatura francesa  |9 266330 
583 |a last modification  |c 19980703 00:00:00  |k Rodrigo Vera 
490 0 |a Classiques France 
999 |c 271791  |d 271789 
952 |0 0  |1 0  |4 0  |6 842_000000000000000_MOL_1938  |7 0  |8 A  |9 306554  |a BIBEDU  |b BIBEDU  |d 2019-11-20  |i 1425749  |o 842 MOL 1938  |p 1425749  |r 2019-11-20  |w 2019-11-20  |y BK  |k LIT